5G and beyond wireless networks (Record no. 26627)

MARC details
000 -LEADER
fixed length control field 00534nam a2200181Ia 4500
020 ## - INTERNATIONAL STANDARD BOOK NUMBER
ISBN 9781032526829
050 ## - CALL MARK
Classification number TK 5103.25 .W57/
100 ## - STATEMENT OF RESPONSIBILITY--MAIN AUTHOR NAME
Personal name Edited by Indrasen Singh, Shubham Tayal, Niraj Pratap Singh, Vijay Shankar Tripathi, and Ghanshyam Singh.
245 #0 - TITLE STATEMENT
Title 5G and beyond wireless networks
260 ## - PUBLICATION, DISTRIBUTION, ETC. (IMPRINT)
Place of publication Boca Raton
260 ## - PUBLICATION, DISTRIBUTION, ETC. (IMPRINT)
Name of publisher CRC Press
260 ## - PUBLICATION, DISTRIBUTION, ETC. (IMPRINT)
Year of publication 2024
300 ## - PHYSICAL DESCRIPTION
Number of Pages 233 p
650 ## - SUBJECT ADDED ENTRY--TOPICAL TERM
Topical Term 5G mobile communication systems.
942 ## - ADDED ENTRY ELEMENTS (KOHA)
Koha item type Books
Holdings
Withdrawn status Lost status Source of classification or shelving scheme Damaged status Not for loan Permanent Location Current Location Shelving location Date acquired Full call number Accession Number Price effective from Koha item type
    Library of Congress Classification     NILE UNIVERSITY OF NIGERIA - MAIN LIBRARY NILE UNIVERSITY OF NIGERIA - MAIN LIBRARY Items on shelf 04/23/2025 TK 5103.25 .W57 0198013 04/23/2025 Books